| 000 | 00772cab a2200229 4500 | ||
|---|---|---|---|
| 001 | ABS57906 | ||
| 008 | 090401t1997 xxu||||| |||| 00| 0 eng d | ||
| 035 | _a(Sirsi) u82334 | ||
| 041 | _aeng | ||
| 100 | _aMorley, S. | ||
| 245 | _aUK manufacturers said to need strategic advice | ||
| 260 | _c1997 | ||
| 350 | _a0 | ||
| 490 |
_aCSM _bChartered Surveyor Monthly _v7(3) November/December 1997, 20-21(2) |
||
| 520 | _aAn overview of the findings of a research project for the RICS, on the strategic and operational requirements of the UK manufacturing sector. | ||
| 650 | _aMANUFACTURING SECTOR | ||
| 650 | _aOPERATIONAL PROPERTY | ||
| 690 | _aPROPERTY-COMMERCIAL PROPERTY-COMMERCIAL PROPERTY MARKET | ||
| 700 | _aWhelan, J. | ||
| 942 | _n0 | ||
| 948 | _c25/11/1997 | ||
| 999 |
_c51965 _d51965 |
||